书目信息 |
| 题名: |
病玫瑰
|
|
| 作者: | 巴奈特 著 ;郭腾杰 译 | |
| 分册: | ||
| 出版信息: | 广州 世界图书出版广东有限公司 2019.06 |
|
| 页数: | 253页 | |
| 开本: | 25cm | |
| 丛书名: | ||
| 单 册: | ||
| 中图分类: | R18-64 | |
| 科图分类: | ||
| 主题词: | 流行病--liu xing bing--图集 | |
| 电子资源: | ||
| ISBN: | 978-7-5192-6410-9 | |
| 000 | 01386nam0 2200277 450 | |
| 001 | 2043205591 | |
| 005 | 20201105120013.73 | |
| 010 | @a978-7-5192-6410-9@b精装@dCNY198.00 | |
| 100 | @a20191010d2019 em y0chiy50 ea | |
| 101 | 1 | @achi@ceng |
| 102 | @aCN@b440000 | |
| 105 | @aa z 001yy | |
| 200 | 1 | @a病玫瑰@Abing mei gui@e疾病与医学插画的艺术@d= The sick rose@edisease and the art of medical illustration@f(英) 理查德·巴奈特著@g郭腾杰译@zeng |
| 210 | @a广州@c世界图书出版广东有限公司@d2019.06 | |
| 215 | @a253页@c彩图@d25cm | |
| 306 | @a由城邦文化事业股份有限公司-麦田出版事业部授权使用 | |
| 320 | @a有索引 | |
| 330 | @a本书收录了自18世纪末至二十世纪初的354幅珍贵医学绘画, 集中展现了前彩色摄影时代医学图像的科学与艺术成就, 更是回顾了一段令人难忘的人类疾病抗争史。作者巴奈特是一个医学史学者, 整理出10种具有鲜明时代性的流行病科学绘画, 结合历史地图、信息图表, 以及当代的个案笔记, 揭示了英国维多利亚时代, 人们在工业革命的波涛汹涌和文艺运动的五彩纷呈面前, 对疾病、痛苦, 乃至死亡的恐惧与痴迷。 | |
| 500 | 10 | @aSick rose : disease and the art of medical illustration@mChinese |
| 517 | 1 | @a疾病与医学插画的艺术@Aji bing yu yi xue cha hua de yi shu |
| 606 | 0 | @a流行病@Aliu xing bing@j图集 |
| 690 | @aR18-64@v5 | |
| 701 | 1 | @a巴奈特@Aba nai te@g(Barnett, Richard)@4著 |
| 702 | 0 | @a郭腾杰@Aguo teng jie@4译 |
| 801 | 0 | @aCN@b人天书店@c20201025 |
| 905 | @aZUCC@dR18-64@eB056 | |
| 病玫瑰:疾病与医学插画的艺术= The sick rose:disease and the art of medical illustration/(英) 理查德·巴奈特著/郭腾杰译.-广州:世界图书出版广东有限公司,2019.06 |
| 253页:彩图;25cm |
| ISBN 978-7-5192-6410-9(精装):CNY198.00 |
| 本书收录了自18世纪末至二十世纪初的354幅珍贵医学绘画, 集中展现了前彩色摄影时代医学图像的科学与艺术成就, 更是回顾了一段令人难忘的人类疾病抗争史。作者巴奈特是一个医学史学者, 整理出10种具有鲜明时代性的流行病科学绘画, 结合历史地图、信息图表, 以及当代的个案笔记, 揭示了英国维多利亚时代, 人们在工业革命的波涛汹涌和文艺运动的五彩纷呈面前, 对疾病、痛苦, 乃至死亡的恐惧与痴迷。 |
| ● |
| 相关链接 |
|
|
|
正题名:病玫瑰
索取号:R18-64/B056
 
预约/预借
| 序号 | 登录号 | 条形码 | 馆藏地/架位号 | 状态 | 备注 |
| 1 | 1478921 | 214789219 | 自科库401/401自科库 8排2列2层/ [索取号:R18-64/B056] | 在馆 |